|
|
|
|
| LEADER |
00000nam a2200000 i 4500 |
| 001 |
DIGSLX0173 |
| 003 |
NyNyDIG |
| 007 |
cr ||||||||||| |
| 008 |
201023s2017 sp a ob 000 0 spa d |
| 006 |
m o d |
| 035 |
|
|
|a (OCoLC)1222214038
|
| 040 |
|
|
|a DGITA
|b eng
|e rda
|e pn
|c DGITA
|
| 020 |
|
|
|z 9788477378464
|
| 020 |
|
|
|z 8477378460
|
| 050 |
1 |
4 |
|a N7760 eBook
|
| 082 |
0 |
4 |
|a 704.947
|
| 100 |
1 |
|
|a Elvira Barba, Miguel Ángel,
|d 1950-
|e author.
|
| 245 |
1 |
0 |
|a Arte y mito :
|b manual de iconografía clásica /
|c Pablo Ortega-del-Cerro.
|
| 264 |
|
1 |
|a Madrid :
|b Sílex,
|c [2017]
|
| 300 |
|
|
|a 1 online resource. :
|b illustrations.
|
| 336 |
|
|
|a text
|b txt
|2 rdacontent
|
| 337 |
|
|
|a computer
|b c
|2 rdamedia
|
| 338 |
|
|
|a online resource
|b cr
|2 rdacarrier
|
| 347 |
|
|
|a text file
|2 rdaft
|
| 347 |
|
|
|b PDF
|
| 490 |
1 |
|
|a Arte
|
| 504 |
|
|
|a Includes bibliographical references.
|
| 588 |
0 |
|
|a Online resource; title from PDF title page (Digitalia, viewed October 23, 2020)
|
| 650 |
|
0 |
|a Mythology, Classical, in art.
|
| 650 |
|
0 |
|a Art and mythology.
|
| 655 |
|
0 |
|a Electronic books.
|
| 791 |
2 |
|
|a Digitalia (Firm),
|e distributor.
|
| 793 |
0 |
|
|g Digitalia eBook Collection:
|a Sílex Ediciones
|
| 776 |
0 |
8 |
|i Print version:
|a Elvira Barba, Miguel Ángel, 1950-
|t Arte y mito.
|b Tercera edición.
|d Madrid : Sílex, 2018
|z 9788477378464
|
| 830 |
|
0 |
|a Arte (Silex (Firm : Madrid, Spain))
|
| 856 |
4 |
0 |
|3 Digitalia Hispánica
|u https://www.digitaliapublishing.com/a/62972/
|
| 910 |
|
|
|a Premium collection: 2020
|